El contrato social /

Guardado en:
Autor Principal: Rousseau, Jean Jacques.
Formato: Desconocido
Idioma:Spanish
Publicado: Buenos Aires : Gradifco, 2004
Series:Pensadores universales
Materias:
Etiquetas: Agregar Etiqueta
Sin Etiquetas, Sea el primero en etiquetar este registro!
LEADER 00463nac a22001575a 4500
001 DER.der012990
008 180615s2004####ag#||||||||||||||#||spa||
005 20260211114733.0
245 1 0 |a El contrato social /  |c Jean Jacques Rousseau. 
260 |a Buenos Aires :  |b Gradifco,  |c 2004 
300 |a 159 p. 
440 0 |a Pensadores universales 
020 |a 9871093810 
100 1 |a Rousseau, Jean Jacques. 
650 7 |a CIENCIA POLITICA 
859 |a DERECHO  |b BIB. DERECHO  |h 320.1  |i ROU  |p 007846